Olivia Rodrigo - Lyrics begged - Statistics

General Stats
  • This quiz has been taken 6 times
  • The average score is 216 of 258
Answer Stats
Hint Answer % Correct
a
100%
an
100%
And
100%
and
100%
at
100%
bed
100%
begged
100%
Verse 2 And
100%
Chorus So,
100%
I
100%
let
100%
love
100%
me
100%
my
100%
So,
100%
that
100%
That
100%
the
100%
to
100%
want
100%
What
100%
what
100%
when
100%
you
100%
You
100%
you're
100%
All
83%
away
83%
away)
83%
'Cause
83%
change
83%
cool
83%
devotion
83%
Verse 1 All
83%
endless
83%
enough
83%
eyes
83%
feel
83%
for
83%
forgiving,
83%
fountain,
83%
get
83%
giving,
83%
good
83%
have
83%
here
83%
Here
83%
hurting,
83%
I'll
83%
I'm
83%
in
83%
inside
83%
is
83%
Is
83%
it
83%
it,
83%
it's
83%
just
83%
know
83%
lay
83%
learning,
83%
leave
83%
luck
83%
movies
83%
needs
83%
night
83%
normal
83%
not
83%
nothing's
83%
of
83%
Of
83%
oh,
83%
(oh,
83%
on
83%
patient,
83%
penny
83%
pretend
83%
quite
83%
say
83%
shame,
83%
silently
83%
sit
83%
slip
83%
take
83%
they
83%
thing
83%
this
83%
trapped
83%
TV
83%
virtue
83%
waiting
83%
watch
83%
well
83%
witness
83%
Yeah,
83%
anchor
67%
back
67%
But
67%
clear?
67%
Could
67%
could
67%
hope
67%
life
67%
like)
67%
like
67%
lover's
67%
make
67%
never
67%
ocean
67%
overwhelmed,
67%
static
67%
thought
67%
underfed
67%
undoubtedly
67%
('Way)
67%
woah
67%
woah)
67%
words
67%
ah)
50%
cling
50%
(Cling
50%
Cling
50%
dread?
50%
fight
50%
melt
50%
(Melt
50%
mountains
50%
(ooh,
50%
snow
50%
still
50%
waves
50%
yet
50%
(Careless)
33%
Careless
33%
whеn
0%
Yеah,
0%
No matching quizzes found
Score Distribution
Percent of People with Each Score
Percentile by Number Answered
Your Score History
You have not taken this quiz